| 000 | 00494cam a2200193ua 4500 | ||
|---|---|---|---|
| 001 | 5181 | ||
| 005 | 20260515113838.0 | ||
| 008 | 120730n ii |||gr||||Z||||||eng | ||
| 040 | _cMAIN | ||
| 082 | _a920 | ||
| 100 |
_aAronson, Alex, _eEditor, |
||
| 245 | 1 | 1 |
_aRolland and Tagore _cby Alex Aronson |
| 250 | _a1st. | ||
| 260 |
_aCalcutta: _bVisva vharati, _c1945. |
||
| 300 |
_a104p: _c15cm. |
||
| 653 | _aBiography, genealogy & insignia | ||
| 700 |
_aKripalani, Krishna, _eEditor, |
||
| 942 | _cBK | ||
| 999 |
_c4359 _d4359 |
||